[Event "DEM U14 2013"]
[Site "Oberhof GER"]
[Date "2013.05.21"]
[Round "4"]
[White "Kitze, Alexander"]
[Black "Mager, Denis"]
[Result "1-0"]
[Termination "normal"]
[Board "4"]
[WhiteElo "1992"]
[BlackElo "2006"]
[PlyCount "55"]
[WhiteFideId "12914827"]
[BlackFideId "24691127"]
[EventCountry "GER"]
[EventRounds "9"]
[EventType "swiss"]
[EventDate "2013.05.18"]

1. e4 c5 2. Nf3 d6 3. d4 cxd4 4. Nxd4 Nf6 5. Nc3 a6 6. Be3 e6 7. f3 b5 8. g4
Bb7 9. Qd2 Nc6 10. O-O-O Qc7 11. h4 Nxd4 12. Bxd4 Nd7 13. Bh3 Ne5 14. Qf2 Qc6
15. f4 Nc4 16. Rhe1 O-O-O 17. b3 Na3 18. Kb2 b4 19. Na4 Nb5 20. Bb6 Nc3 21.
Bxd8 Nxd1+ 22. Rxd1 Kxd8 23. Bg2 f6 24. Rd4 a5 25. Rc4 Qa6 26. Bf1 Qa8 27. Qb6+
Ke8 28. Rc7 1-0

[Event "DEM U14 2013"]
[Site "Oberhof GER"]
[Date "2013.05.21"]
[Round "4"]
[White "Hartge, Gedeon"]
[Black "Kollars, Dmitrij"]
[Result "1/2-1/2"]
[Termination "normal"]
[Board "5"]
[WhiteElo "1781"]
[BlackElo "2027"]
[PlyCount "101"]
[WhiteFideId "12932116"]
[BlackFideId "12909572"]
[EventCountry "GER"]
[EventRounds "9"]
[EventType "swiss"]
[EventDate "2013.05.18"]

1. d4 Nf6 2. c4 g6 3. Nc3 Bg7 4. e4 d6 5. Nf3 O-O 6. Be2 e5 7. O-O exd4 8. Nxd4
Re8 9. f3 c6 10. Nb3 a5 11. Na4 d5 12. cxd5 cxd5 13. Bg5 Bd7 14. Nbc5 Bc6 15.
Qb3 Qe7 16. Rae1 Bxa4 17. Nxa4 Nc6 18. Kh1 Rad8 19. Bb5 h6 20. Bxf6 Bxf6 21.
Bxc6 bxc6 22. Qb6 Qb4 23. Qxb4 axb4 24. exd5 Rxe1 25. Rxe1 Rxd5 26. g3 Rd2 27.
Re8+ Kg7 28. Rb8 Bxb2 29. Rxb4 Ba3 30. Rc4 Rxa2 31. Rxc6 Bb4 32. Ra6 Ra3 33.
Kg2 h5 34. f4 f6 35. Ra7+ Kh6 36. Ra6 h4 37. Ra8 hxg3 38. hxg3 Be1 39. g4 Bb4
40. Nb6 Rxa8 41. Nxa8 Ba5 42. Kf3 f5 43. g5+ Kg7 44. Ke3 Kf7 45. Kd4 Ke6 46.
Kc5 Kd7 47. Kd5 Bd8 48. Ke5 Kc6 49. Ke6 Bxg5 50. Kf7 Bxf4 51. Kxg6 1/2-1/2

[Event "DEM U14 2013"]
[Site "Oberhof GER"]
[Date "2013.05.21"]
[Round "4"]
[White "Pallas, Sebastian"]
[Black "Riehle, Marco"]
[Result "1-0"]
[Termination "normal"]
[Board "6"]
[WhiteElo "1897"]
[BlackElo "1876"]
[PlyCount "105"]
[WhiteFideId "12905453"]
[BlackFideId "12904392"]
[EventCountry "GER"]
[EventRounds "9"]
[EventType "swiss"]
[EventDate "2013.05.18"]

1. e4 e5 2. Nc3 Nf6 3. g3 d5 4. exd5 Nxd5 5. Bg2 Be6 6. Nf3 Nc6 7. O-O Nxc3 8.
bxc3 Bc5 9. d3 O-O 10. Re1 f6 11. d4 Bb6 12. Be3 e4 13. Nd2 f5 14. f3 exf3 15.
Nxf3 Bd5 16. Qd3 h6 17. c4 Be4 18. Qd2 Bxf3 19. Bxf3 Nxd4 20. Bd5+ Qxd5 21.
cxd5 Nf3+ 22. Kg2 Nxd2 23. Bxd2 Rfd8 24. Bc3 Rd7 25. Re5 Rf8 26. Rf1 g6 27. Re6
Kh7 28. Rfe1 g5 29. Re7+ Rf7 30. Re8 Kg6 31. h3 Kh5 32. R1e5 Bc5 33. Rxf5 Rxf5
34. g4+ Kg6 35. Re6+ Kf7 36. gxf5 Rxd5 37. Rf6+ Ke7 38. Kf3 Bd4 39. Re6+ Kf7
40. Ke4 Bxc3 41. Kxd5 Bf6 42. c4 h5 43. c5 Be7 44. Rh6 g4 45. hxg4 hxg4 46. Rg6
c6+ 47. Kc4 g3 48. Rxg3 Kf6 49. Re3 Bd8 50. Re8 Bc7 51. Rf8+ Ke5 52. f6 Ke6 53.
f7 1-0

[Event "DEM U14 2013"]
[Site "Oberhof GER"]
[Date "2013.05.21"]
[Round "4"]
[White "Gretz, Denis"]
[Black "Ehmann, Thilo"]
[Result "1-0"]
[Termination "normal"]
[Board "8"]
[WhiteElo "1912"]
[BlackElo "1878"]
[PlyCount "49"]
[WhiteFideId "12945188"]
[BlackFideId "12940968"]
[EventCountry "GER"]
[EventRounds "9"]
[EventType "swiss"]
[EventDate "2013.05.18"]

1. e4 e5 2. Nf3 Nc6 3. Bc4 Bc5 4. c3 Nf6 5. d3 a6 6. Nbd2 d6 7. Bb3 O-O 8. h3
Ba7 9. Nf1 Be6 10. Ng3 h6 11. O-O Kh7 12. d4 Bxb3 13. axb3 Re8 14. Qd3 Qd7 15.
Nh4 Kg8 16. Ngf5 exd4 17. Qg3 g5 18. Bxg5 Nxe4 19. Qg4 Kh7 20. Qh5 Re6 21. Nxh6
Nxg5 22. N6f5+ Kg8 23. Qxg5+ Rg6 24. Nxg6 fxg6 25. Qxg6+ 1-0

[Event "DEM U14 2013"]
[Site "Oberhof GER"]
[Date "2013.05.21"]
[Round "4"]
[White "Greßmann, Moritz"]
[Black "Nguyen, Huy Dat"]
[Result "1/2-1/2"]
[Termination "normal"]
[Board "9"]
[WhiteElo "1883"]
[BlackElo "1814"]
[PlyCount "48"]
[WhiteFideId "24695084"]
[BlackFideId "12923486"]
[EventCountry "GER"]
[EventRounds "9"]
[EventType "swiss"]
[EventDate "2013.05.18"]

1. e4 c5 2. Nf3 d6 3. Bb5+ Bd7 4. Bxd7+ Qxd7 5. O-O Nf6 6. Nc3 Nc6 7. d4 cxd4
8. Nxd4 g6 9. f3 Bg7 10. Be3 O-O 11. Nb3 Rfc8 12. Qe2 Ne5 13. Rad1 Qc7 14. Rf2
a6 15. Bg5 e6 16. Nc1 b5 17. a3 Nc4 18. Nd3 Nxa3 19. bxa3 Qxc3 20. Bc1 Qc7 21.
Bb2 Nd7 22. Bxg7 Kxg7 23. f4 Re8 24. g4 Nc5 1/2-1/2

[Event "DEM U14 2013"]
[Site "Oberhof GER"]
[Date "2013.05.21"]
[Round "4"]
[White "Nothnagel, Marian Can"]
[Black "Schmidt, Tobias"]
[Result "1/2-1/2"]
[Termination "normal"]
[Board "10"]
[WhiteElo "1785"]
[BlackElo "1924"]
[PlyCount "103"]
[WhiteFideId "12921530"]
[BlackFideId "1271683"]
[EventCountry "GER"]
[EventRounds "9"]
[EventType "swiss"]
[EventDate "2013.05.18"]

1. e4 e6 2. d4 d5 3. Nd2 c5 4. Ngf3 cxd4 5. Nxd4 Nc6 6. Bb5 Bd7 7. Nxc6 Bxc6 8.
Qe2 Nf6 9. exd5 Qxd5 10. Bxc6+ Qxc6 11. Nf3 Bc5 12. O-O O-O 13. c4 Qe4 14. Re1
Qxe2 15. Rxe2 Rfd8 16. Bf4 Rac8 17. b3 Bd6 18. Bxd6 Rxd6 19. Ne5 Rcd8 20. Rae1
Kf8 21. f3 Nd7 22. Nxd7+ R6xd7 23. Kf2 Ke7 24. Re5 Kd6 25. Ra5 b6 26. Rae5 Kc6
27. R1e2 a5 28. g3 Rd4 29. R2e4 Rd2+ 30. Re2 R2d4 31. R2e4 Rd1 32. Re2 Rh1 33.
Ke3 Rc1 34. Rg5 g6 35. Rg4 Rc3+ 36. Kf2 Rdd3 37. Rf4 Rd7 38. h4 Kc5 39. Re5+
Kc6 40. Re2 Kc7 41. g4 Kd8 42. g5 Ke8 43. Kg2 Rc7 44. Kg3 Ra7 45. Rd4 Rd7 46.
Rde4 Rdd3 47. Rf2 Ke7 48. Re5 Kd6 49. Rb5 Kc6 50. Re5 Kd6 51. Rb5 Kc6 52. Re5
1/2-1/2

[Event "DEM U14 2013"]
[Site "Oberhof GER"]
[Date "2013.05.21"]
[Round "4"]
[White "Rausch, Adrian"]
[Black "Flüchter, Gregor"]
[Result "1-0"]
[Termination "normal"]
[Board "11"]
[WhiteElo "1750"]
[BlackElo "2002"]
[PlyCount "59"]
[WhiteFideId "12929069"]
[BlackFideId "12903396"]
[EventCountry "GER"]
[EventRounds "9"]
[EventType "swiss"]
[EventDate "2013.05.18"]

1. Nf3 d5 2. c4 c6 3. e3 Nf6 4. Qc2 g6 5. Nc3 Bg7 6. b3 Na6 7. a3 Bf5 8. d3 O-O
9. Bb2 Rc8 10. Rb1 Qc7 11. e4 dxe4 12. dxe4 Bg4 13. Be2 Nc5 14. h3 Bxf3 15.
Bxf3 Ne6 16. Ne2 Ng5 17. e5 Nxf3+ 18. gxf3 Nd7 19. f4 Rcd8 20. h4 Nc5 21. Bd4
Ne6 22. Be3 c5 23. Qe4 Nd4 24. Bxd4 cxd4 25. Nxd4 Qa5+ 26. Kf1 Qxa3 27. h5 Qa2
28. Kg2 Qd2 29. Nf3 b6 30. Nxd2 1-0

[Event "DEM U14 2013"]
[Site "Oberhof GER"]
[Date "2013.05.21"]
[Round "4"]
[White "Spitzl, Vinzent"]
[Black "Urban, Konstantin"]
[Result "0-1"]
[Termination "normal"]
[Board "12"]
[WhiteElo "1806"]
[BlackElo "1819"]
[PlyCount "102"]
[WhiteFideId "12901253"]
[BlackFideId "12927511"]
[EventCountry "GER"]
[EventRounds "9"]
[EventType "swiss"]
[EventDate "2013.05.18"]

1. e4 c5 2. Nf3 d6 3. d4 cxd4 4. Nxd4 Nf6 5. Nc3 a6 6. Bg5 Nbd7 7. Qe2 e6 8.
O-O-O Be7 9. f4 Qc7 10. g3 b5 11. Bg2 b4 12. Nb1 Bb7 13. e5 dxe5 14. Bxb7 Qxb7
15. fxe5 Nd5 16. Bxe7 Nxe7 17. Nd2 O-O 18. Nc4 Ng6 19. Nf3 Rad8 20. Rhe1 Qb5
21. Nd6 Qc6 22. Nc4 Nb6 23. Nxb6 Qxb6 24. Rd3 Ne7 25. Red1 Nd5 26. Qe4 h6 27.
g4 g6 28. Nh4 Kg7 29. Nf3 Qa5 30. Kb1 Rb8 31. Rb3 Rfd8 32. Nd4 Qc5 33. Qf3 a5
34. Rbd3 Rdc8 35. Rc1 a4 36. Rf1 Rc7 37. h4 Rd7 38. Qf2 Qc7 39. Rf3 Rb7 40. Re1
Qc4 41. Rd3 Rb8 42. Ka1 Rdb7 43. Qd2 Ra8 44. Rc1 Qc7 45. Nf3 Qe7 46. a3 bxa3
47. bxa3 Rab8 48. c4 Rb3 49. Rxb3 Rxb3 50. cxd5 Qxa3+ 51. Qa2 Qxc1+ 0-1

[Event "DEM U14 2013"]
[Site "Oberhof GER"]
[Date "2013.05.21"]
[Round "4"]
[White "Rinck, Michael"]
[Black "Lagunow, Raphael"]
[Result "1-0"]
[Termination "normal"]
[Board "13"]
[WhiteElo "1820"]
[BlackElo "1940"]
[PlyCount "85"]
[WhiteFideId "24690104"]
[BlackFideId "24652644"]
[EventCountry "GER"]
[EventRounds "9"]
[EventType "swiss"]
[EventDate "2013.05.18"]

1. e4 c5 2. c3 d5 3. exd5 Qxd5 4. d4 e5 5. dxe5 Qxd1+ 6. Kxd1 Nc6 7. f4 f6 8.
exf6 Nxf6 9. Be2 Bf5 10. Nf3 O-O-O+ 11. Ke1 Bd6 12. Na3 Rhe8 13. Kf1 Nd5 14. g3
c4 15. Nb5 Bc5 16. Nbd4 Be4 17. Nxc6 bxc6 18. Kg2 Ne3+ 19. Bxe3 Bxe3 20. Rhd1
Bd5 21. Kf1 h6 22. Ne5 g5 23. Nxc4 Bc5 24. Bg4+ Kb7 25. Na5+ Kc7 26. Nb3 Bb6
27. Re1 gxf4 28. Rxe8 Rxe8 29. gxf4 Bc4+ 30. Kg2 Rg8 31. Kh3 h5 32. Bf3 Bf2 33.
f5 Bd3 34. Nd4 c5 35. Rd1 c4 36. Be2 Be4 37. Bf3 Bd3 38. f6 Kd6 39. f7 Rf8 40.
Bxh5 Rh8 41. Kg2 Bxd4 42. cxd4 Ke7 43. Re1+ 1-0

[Event "DEM U14 2013"]
[Site "Oberhof GER"]
[Date "2013.05.21"]
[Round "4"]
[White "Herzum, Peter"]
[Black "Kololli, Martin"]
[Result "1/2-1/2"]
[Termination "normal"]
[Board "14"]
[WhiteElo "1882"]
[BlackElo "1816"]
[PlyCount "84"]
[WhiteFideId "12919217"]
[BlackFideId "12936910"]
[EventCountry "GER"]
[EventRounds "9"]
[EventType "swiss"]
[EventDate "2013.05.18"]

1. e4 e5 2. Nf3 Nc6 3. Bb5 a6 4. Ba4 Nf6 5. O-O Be7 6. Re1 b5 7. Bb3 d6 8. h3
Nb8 9. c3 O-O 10. d4 Nbd7 11. Nbd2 Bb7 12. Bc2 Re8 13. a4 Bf8 14. b3 g6 15. Bd3
Bg7 16. Qc2 c6 17. Bb2 Qb6 18. b4 c5 19. axb5 axb5 20. Rxa8 Bxa8 21. bxc5 dxc5
22. Nxe5 Nxe5 23. dxe5 Nd7 24. c4 Nxe5 25. Bxe5 Bxe5 26. cxb5 Bd4 27. Nc4 Qxb5
28. Nd6 Qa5 29. Rb1 Rd8 30. Nc4 Qc7 31. Nb6 Bc6 32. Nd5 Bxd5 33. exd5 Rxd5 34.
Be4 Rd7 35. Bf3 Re7 36. Qd2 Kg7 37. Kh1 Qe5 38. Rd1 h6 39. g3 Re8 40. Kg2 Re7
41. h4 h5 42. Qd3 Qe6 1/2-1/2

[Event "DEM U14 2013"]
[Site "Oberhof GER"]
[Date "2013.05.21"]
[Round "4"]
[White "Cegielka, Michael"]
[Black "Vogel, Roven"]
[Result "0-1"]
[Termination "normal"]
[Board "15"]
[WhiteElo "1597"]
[BlackElo "2065"]
[PlyCount "28"]
[WhiteFideId "1270507"]
[BlackFideId "12908088"]
[EventCountry "GER"]
[EventRounds "9"]
[EventType "swiss"]
[EventDate "2013.05.18"]

1. e4 c5 2. Nf3 d6 3. d4 cxd4 4. Nxd4 Nf6 5. Nc3 g6 6. Be3 Bg7 7. Bc4 O-O 8.
O-O Ng4 9. Qe2 Nc6 10. Nxc6 bxc6 11. f4 Re8 12. Bb3 c5 13. f5 Nxe3 14. Qxe3 Bd4
0-1

[Event "DEM U14 2013"]
[Site "Oberhof GER"]
[Date "2013.05.21"]
[Round "4"]
[White "Schmidt, Daniel"]
[Black "Balazs, Balint"]
[Result "0-1"]
[Termination "normal"]
[Board "16"]
[WhiteElo "1731"]
[BlackElo "1857"]
[PlyCount "54"]
[WhiteFideId "12931349"]
[BlackFideId "12922757"]
[EventCountry "GER"]
[EventRounds "9"]
[EventType "swiss"]
[EventDate "2013.05.18"]

1. e4 c5 2. Nf3 Nc6 3. d4 cxd4 4. Nxd4 Nf6 5. Nc3 e6 6. Ndb5 Bb4 7. Nd6+ Ke7 8.
Bf4 Qa5 9. Qd3 Ne5 10. Bxe5 Qxe5 11. Nxc8+ Rhxc8 12. O-O-O Rxc3 13. bxc3 Ba3+
14. Kd2 Nxe4+ 15. Ke1 Nxc3+ 16. Be2 Bb4 17. Qc4 Ba5 18. g3 Nxd1+ 19. Kf1 Nc3
20. Bf3 Nd5 21. Kg2 Nb6 22. Qb3 Rc8 23. Rd1 Rc3 24. Qb1 d5 25. Qb5 Nc4 26.
Qxb7+ Kf6 27. Qb5 Rxf3 0-1

[Event "DEM U14 2013"]
[Site "Oberhof GER"]
[Date "2013.05.21"]
[Round "4"]
[White "Herbrig, Alexander"]
[Black "Scheinhütte, Jakob"]
[Result "1-0"]
[Termination "time forfeit"]
[Board "17"]
[WhiteElo "1774"]
[BlackElo "1722"]
[PlyCount "80"]
[WhiteFideId "12952044"]
[BlackFideId "24693944"]
[EventCountry "GER"]
[EventRounds "9"]
[EventType "swiss"]
[EventDate "2013.05.18"]

1. e4 e6 2. d4 d5 3. Nd2 c5 4. exd5 exd5 5. Ngf3 Nf6 6. Qe2+ Be7 7. dxc5 O-O 8.
Nb3 Nbd7 9. Be3 Re8 10. Nbd4 Nxc5 11. h3 Nce4 12. c3 a6 13. Qc2 Bd6 14. Bd3 Ng3
15. Rg1 Bf4 16. Kd2 Bxe3+ 17. fxe3 Nfe4+ 18. Bxe4 dxe4 19. Nh2 Qf6 20. Ke1 Qg5
21. Qf2 Nf5 22. Nxf5 Bxf5 23. Qf4 Qg6 24. Ke2 Be6 25. g4 Bc4+ 26. Kf2 Rad8 27.
Nf1 Rd6 28. Kg2 Rf6 29. Qc7 b5 30. Qd7 Rf8 31. Ng3 Rd6 32. Qf5 Rd2+ 33. Kh1
Qxf5 34. Nxf5 Rxb2 35. Rg2 Rxg2 36. Kxg2 Rd8 37. Nd4 h5 38. a3 hxg4 39. hxg4
Kh7 40. Kg3 g5 1-0

[Event "DEM U14 2013"]
[Site "Oberhof GER"]
[Date "2013.05.21"]
[Round "4"]
[White "Tiarks, Jann-Christian"]
[Black "Schmekel, Florian"]
[Result "0-1"]
[Termination "normal"]
[Board "18"]
[WhiteElo "1535"]
[BlackElo "1570"]
[PlyCount "116"]
[WhiteFideId "12951595"]
[BlackFideId "12913456"]
[EventCountry "GER"]
[EventRounds "9"]
[EventType "swiss"]
[EventDate "2013.05.18"]

1. d4 Nf6 2. c4 e6 3. Nc3 Bb4 4. Bd2 c5 5. e3 O-O 6. Nf3 d5 7. dxc5 Bxc5 8. Be2
dxc4 9. Bxc4 b6 10. O-O Bb7 11. Qe2 a6 12. Rad1 Qc7 13. e4 Nbd7 14. Bg5 Ng4 15.
Bh4 Bd6 16. Bg3 Bxg3 17. hxg3 Nge5 18. Bb3 Rad8 19. Rc1 Qb8 20. Rfd1 Nxf3+ 21.
gxf3 Nc5 22. Bc2 Rxd1+ 23. Rxd1 Rd8 24. Kg2 Qc7 25. Rd2 Rxd2 26. Qxd2 Bc6 27.
Ne2 Qd7 28. Qxd7 Bxd7 29. Nd4 e5 30. Ne2 Bc6 31. Nc1 a5 32. Nd3 Nxd3 33. Bxd3
Kf8 34. Kf1 Ke7 35. Ke2 Kd6 36. f4 exf4 37. gxf4 h6 38. Ke3 Kc5 39. f5 Bb5 40.
e5 Bxd3 41. Kxd3 Kd5 42. f4 g5 43. fxg6 fxg6 44. Ke3 g5 45. Kf3 gxf4 46. Kxf4
Ke6 47. b3 b5 48. a4 b4 49. Ke4 h5 50. Kd4 h4 51. Kc5 h3 52. Kb5 h2 53. Kxa5
h1=Q 54. Kxb4 Qb7+ 55. Kc4 Kxe5 56. a5 Qc6+ 57. Kb4 Kd5 58. Ka3 Qb5 0-1

[Event "DEM U14 2013"]
[Site "Oberhof GER"]
[Date "2013.05.21"]
[Round "4"]
[White "Goderbauer, Benedikt"]
[Black "Ronge, Tim"]
[Result "1/2-1/2"]
[Termination "normal"]
[Board "19"]
[WhiteElo "1738"]
[BlackElo "1604"]
[PlyCount "95"]
[WhiteFideId "12967467"]
[BlackFideId "12955418"]
[EventCountry "GER"]
[EventRounds "9"]
[EventType "swiss"]
[EventDate "2013.05.18"]

1. e4 c5 2. Nc3 Nc6 3. Bb5 Nd4 4. Bc4 e6 5. Nge2 a6 6. Nxd4 cxd4 7. Ne2 b5 8.
Bb3 d3 9. cxd3 Bb7 10. O-O Ne7 11. f4 Nc6 12. f5 Bc5+ 13. Kh1 Qc7 14. Nf4 Bd6
15. Nh5 O-O-O 16. fxe6 fxe6 17. Nxg7 Bxh2 18. Bxe6 Qe5 19. Bh3 Qxg7 20. Kxh2
Rhg8 21. Qe1 Nb4 22. Qe3 Qe5+ 23. Qf4 Qxf4+ 24. Rxf4 Nxd3 25. Rh4 Rg7 26. b3
Rf7 27. Bf5 Re8 28. Rh3 Nf2 29. Rc3+ Kb8 30. d3 Rg8 31. Bf4+ Ka8 32. g3 b4 33.
Rc4 Nxd3 34. Rd4 Nxf4 35. gxf4 Rf6 36. Rxb4 Rh6+ 37. Bh3 Rg4 38. Rf1 Rhh4 39.
Rd4 Rxf4 40. Rxf4 Rxf4 41. Bf5 Rf2+ 42. Kg3 Rxa2 43. Rxd7 Ra3 44. Rxh7 Rxb3+
45. Kf4 Rb4 46. Ke3 a5 47. e5 a4 48. Rh2 1/2-1/2

[Event "DEM U14 2013"]
[Site "Oberhof GER"]
[Date "2013.05.21"]
[Round "4"]
[White "Karsay, Pascal"]
[Black "Berezhnoy, Alex"]
[Result "0-1"]
[Termination "normal"]
[Board "20"]
[WhiteElo "1693"]
[BlackElo "1719"]
[PlyCount "56"]
[WhiteFideId "12953474"]
[BlackFideId "12918997"]
[EventCountry "GER"]
[EventRounds "9"]
[EventType "swiss"]
[EventDate "2013.05.18"]

1. d4 d5 2. c4 e6 3. Nc3 c5 4. e3 Nf6 5. Nf3 Nc6 6. a3 Be7 7. Bd3 O-O 8. O-O
Re8 9. dxc5 Bxc5 10. b4 Bb6 11. Bb2 a6 12. Qb3 dxc4 13. Bxc4 h6 14. a4 Qe7 15.
Ba3 Qc7 16. Rac1 Ne5 17. Be2 Nxf3+ 18. Bxf3 Qe5 19. Rfd1 Qg5 20. a5 Ba7 21. Na4
e5 22. e4 Be6 23. Qb1 Bg4 24. Qb3 Qh4 25. g3 Qh5 26. Rd3 Rad8 27. Rxd8 Rxd8 28.
Kg2 Rd2 0-1

[Event "DEM U14 2013"]
[Site "Oberhof GER"]
[Date "2013.05.21"]
[Round "4"]
[White "Killgus, Leonard"]
[Black "Lai Hop, Long"]
[Result "1-0"]
[Termination "normal"]
[Board "21"]
[WhiteElo "1662"]
[BlackElo "1659"]
[PlyCount "131"]
[WhiteFideId "12922021"]
[BlackFideId "12942707"]
[EventCountry "GER"]
[EventRounds "9"]
[EventType "swiss"]
[EventDate "2013.05.18"]

1. d4 d5 2. Nf3 Nf6 3. c4 c6 4. Qc2 dxc4 5. Qxc4 Bf5 6. e3 e6 7. Qb3 Qb6 8.
Nbd2 Be7 9. Be2 O-O 10. O-O Nbd7 11. Ne1 c5 12. Qxb6 axb6 13. Bd3 Bg6 14. Bxg6
hxg6 15. a3 Rfd8 16. Ndf3 Nd5 17. Bd2 Bf6 18. Nc2 e5 19. e4 Nc7 20. d5 Nb5 21.
Rfe1 Rac8 22. Rac1 Re8 23. Ne3 Nd6 24. Nc4 Nxc4 25. Rxc4 b5 26. Rcc1 Nb6 27.
Rc2 Nd7 28. Rec1 b6 29. Kf1 Be7 30. h3 Bd6 31. Nh2 f6 32. Rd1 Red8 33. Ke2 Kf7
34. Rcc1 Re8 35. Nf1 Rcd8 36. Ng3 Nb8 37. Be3 Na6 38. h4 Rh8 39. Rh1 Rb8 40. h5
gxh5 41. Rxh5 Rxh5 42. Nxh5 g6 43. Ng3 Rh8 44. Rh1 Rxh1 45. Nxh1 f5 46. f3 Nc7
47. Nf2 Ne8 48. b4 f4 49. Bd2 c4 50. Bc3 Nf6 51. Bb2 g5 52. Kd2 Ke7 53. Kc3 Kd7
54. a4 bxa4 55. Kxc4 Kc7 56. Kb5 Kb7 57. Nd3 Nd7 58. Ba3 Nf6 59. Kxa4 g4 60. b5
gxf3 61. gxf3 Bxa3 62. Kxa3 Nd7 63. d6 Kc8 64. Kb4 Kd8 65. Kc4 Ke8 66. Kd5 1-0

[Event "DEM U14 2013"]
[Site "Oberhof GER"]
[Date "2013.05.21"]
[Round "4"]
[White "Gröbel, Aaron"]
[Black "Venukumar, Danny"]
[Result "1-0"]
[Termination "normal"]
[Board "22"]
[WhiteElo "1720"]
[BlackElo "1470"]
[PlyCount "71"]
[WhiteFideId "12914851"]
[BlackFideId "12939811"]
[EventCountry "GER"]
[EventRounds "9"]
[EventType "swiss"]
[EventDate "2013.05.18"]

1. e4 c6 2. d4 d5 3. exd5 cxd5 4. c4 Nf6 5. Nc3 Nc6 6. Be3 Bf5 7. Nf3 e6 8. c5
Qc7 9. Be2 h6 10. O-O Be7 11. Nb5 Qb8 12. Qc1 g5 13. Re1 Ng4 14. h3 Nxe3 15.
Qxe3 a6 16. Na3 g4 17. hxg4 Bxg4 18. Ne5 Nxe5 19. dxe5 Bf5 20. Rac1 Qc7 21. Bd3
Bxd3 22. Qxd3 h5 23. b4 Qc6 24. Nc2 Bg5 25. Nd4 Qc7 26. Rc2 Be7 27. a3 h4 28.
c6 b6 29. f4 h3 30. gxh3 Rg8+ 31. Kh2 Bh4 32. Rg1 Rxg1 33. Kxg1 Ke7 34. Qh7 Be1
35. Qg7 b5 36. Qf6+ 1-0

[Event "DEM U14 2013"]
[Site "Oberhof GER"]
[Date "2013.05.21"]
[Round "5"]
[White "Baskin, Robert"]
[Black "Pallas, Sebastian"]
[Result "0-1"]
[Termination "normal"]
[Board "2"]
[WhiteElo "2157"]
[BlackElo "1897"]
[PlyCount "56"]
[WhiteFideId "24662402"]
[BlackFideId "12905453"]
[EventCountry "GER"]
[EventRounds "9"]
[EventType "swiss"]
[EventDate "2013.05.18"]

1. e4 c5 2. Nf3 d6 3. d4 cxd4 4. Nxd4 Nf6 5. Nc3 a6 6. Bc4 e6 7. a4 Be7 8. O-O
Nc6 9. Be3 O-O 10. Qe2 Nb4 11. f4 d5 12. Rad1 Qc7 13. exd5 exd5 14. Bb3 Bg4 15.
Nf3 Rad8 16. h3 Bxf3 17. Qxf3 Bc5 18. Qf2 Bxe3 19. Qxe3 Rfe8 20. Qf2 b6 21. Kh1
Qc5 22. Ne2 Nxc2 23. Rc1 Qxf2 24. Rxf2 Nb4 25. Rd1 Re3 26. Nd4 Ne4 27. Kg1 Nxf2
28. Kxf2 Rd3 0-1

[Event "DEM U14 2013"]
[Site "Oberhof GER"]
[Date "2013.05.21"]
[Round "5"]
[White "Kololli, Kevin"]
[Black "Kitze, Alexander"]
[Result "1-0"]
[Termination "normal"]
[Board "3"]
[WhiteElo "1827"]
[BlackElo "1992"]
[PlyCount "43"]
[WhiteFideId "12936863"]
[BlackFideId "12914827"]
[EventCountry "GER"]
[EventRounds "9"]
[EventType "swiss"]
[EventDate "2013.05.18"]

1. e4 c5 2. Nf3 d6 3. d4 cxd4 4. Nxd4 Nf6 5. Nc3 a6 6. Bc4 e6 7. Bb3 b5 8. f4
Be7 9. e5 dxe5 10. fxe5 Nfd7 11. Qf3 Ra7 12. Be3 Rc7 13. O-O O-O 14. Qg3 Nxe5
15. Rad1 Bd6 16. Ne4 Nc4 17. Qf2 Bb7 18. Nxd6 Nxe3 19. Qxe3 Qxd6 20. Nxe6 Qe7
21. Rxf7 Kxf7 22. Nxc7+ 1-0

[Event "DEM U14 2013"]
[Site "Oberhof GER"]
[Date "2013.05.21"]
[Round "5"]
[White "Bergauz, Noam"]
[Black "Gretz, Denis"]
[Result "1/2-1/2"]
[Termination "normal"]
[Board "4"]
[WhiteElo "1900"]
[BlackElo "1912"]
[PlyCount "48"]
[WhiteFideId "12938033"]
[BlackFideId "12945188"]
[EventCountry "GER"]
[EventRounds "9"]
[EventType "swiss"]
[EventDate "2013.05.18"]

1. e4 c5 2. Nf3 d6 3. d4 cxd4 4. Nxd4 Nf6 5. Nc3 a6 6. Bg5 e6 7. Qe2 Be7 8. f4
Qc7 9. O-O-O Nbd7 10. g4 b5 11. Bg2 Bb7 12. e5 dxe5 13. fxe5 Nd5 14. Bxe7 Nxc3
15. bxc3 Kxe7 16. Bxb7 Qxb7 17. Rhf1 Qc7 18. Qe3 Rhe8 19. Qf4 Rf8 20. Qg5+ Ke8
21. Qxg7 Qxc3 22. Nxe6 Qa3+ 23. Kb1 Qb4+ 24. Ka1 Qc3+ 1/2-1/2

[Event "DEM U14 2013"]
[Site "Oberhof GER"]
[Date "2013.05.21"]
[Round "5"]
[White "Kollars, Dmitrij"]
[Black "Schröder, Kevin"]
[Result "1-0"]
[Termination "normal"]
[Board "5"]
[WhiteElo "2027"]
[BlackElo "2046"]
[PlyCount "61"]
[WhiteFideId "12909572"]
[BlackFideId "12929840"]
[EventCountry "GER"]
[EventRounds "9"]
[EventType "swiss"]
[EventDate "2013.05.18"]

1. e4 c5 2. Nf3 d6 3. d4 cxd4 4. Nxd4 Nf6 5. Nc3 a6 6. Bc4 e6 7. Bb3 b5 8. O-O
Be7 9. Qf3 Qc7 10. Qg3 b4 11. Na4 Nxe4 12. Qxg7 Bf6 13. Qg4 d5 14. Be3 Bd7 15.
Qe2 Nc6 16. Rfd1 Rg8 17. Nxc6 Bxc6 18. f3 Nd6 19. Bf2 Qb7 20. Nc5 Qe7 21. Rab1
Nb5 22. Ba4 d4 23. Nxa6 Rg5 24. Bh4 Rd5 25. Bxf6 Qxf6 26. Nc7+ Nxc7 27. Bxc6+
Ke7 28. Bxa8 Nxa8 29. Qc4 Rd6 30. Qxb4 Nb6 31. c3 1-0

[Event "DEM U14 2013"]
[Site "Oberhof GER"]
[Date "2013.05.21"]
[Round "5"]
[White "Mager, Denis"]
[Black "Höglauer, Patrick"]
[Result "0-1"]
[Termination "normal"]
[Board "6"]
[WhiteElo "2006"]
[BlackElo "1928"]
[PlyCount "68"]
[WhiteFideId "24691127"]
[BlackFideId "1270548"]
[EventCountry "GER"]
[EventRounds "9"]
[EventType "swiss"]
[EventDate "2013.05.18"]

1. d4 Nf6 2. c4 e6 3. Nf3 Bb4+ 4. Nbd2 b6 5. e3 Bb7 6. Bd3 O-O 7. O-O Bxd2 8.
Nxd2 c5 9. b3 d5 10. cxd5 Qxd5 11. Nf3 cxd4 12. Bc4 Qh5 13. Nxd4 Qg6 14. f3 Rd8
15. Qe2 Nbd7 16. Bb5 Rac8 17. Bd3 Qh5 18. Ba3 Nc5 19. Bxc5 Qxc5 20. Rac1 Qxc1
21. Rxc1 Rxc1+ 22. Kf2 e5 23. Nb5 e4 24. fxe4 Nxe4+ 25. Bxe4 Bxe4 26. Na3 Rcd1
27. Qc4 R1d2+ 28. Kg3 Rxg2+ 29. Kh3 Bd5 30. Qc7 Re8 31. Nc4 Rg5 32. e4 Be6+ 33.
Kh4 Rg4+ 34. Kh5 f6 0-1

[Event "DEM U14 2013"]
[Site "Oberhof GER"]
[Date "2013.05.21"]
[Round "5"]
[White "Urban, Konstantin"]
[Black "Rausch, Adrian"]
[Result "1/2-1/2"]
[Termination "normal"]
[Board "7"]
[WhiteElo "1819"]
[BlackElo "1750"]
[PlyCount "63"]
[WhiteFideId "12927511"]
[BlackFideId "12929069"]
[EventCountry "GER"]
[EventRounds "9"]
[EventType "swiss"]
[EventDate "2013.05.18"]

1. e4 a6 2. d4 b5 3. a4 Bb7 4. Bd3 e6 5. Nd2 Nf6 6. Ne2 c5 7. c3 Qb6 8. e5 Nd5
9. Be4 d6 10. exd6 Bxd6 11. O-O Nd7 12. c4 bxc4 13. Nxc4 Qc7 14. Nxd6+ Qxd6 15.
dxc5 Nxc5 16. Bb1 Rd8 17. Qc2 Nf6 18. Ng3 Qd5 19. f3 Nb3 20. Ra3 Qd4+ 21. Kh1
Nxc1 22. Qxc1 O-O 23. Qc3 Qxc3 24. Rxc3 Rd2 25. Rb3 Bd5 26. Rb6 Nd7 27. Rd6 Nf6
28. b3 Rb2 29. Rxa6 Rxb3 30. Ba2 Ra3 31. Bxd5 Nxd5 32. Ne4 1/2-1/2